01125nam a2200229Ia 4500008004100000020001500041041001200056082001100068100001400079245007400093250000800167260002500175300000800200650001200208700001500220700002000235942000700255999001500262952019700277952021000474952021100684221030s9999 xx 000 0 und d a0070151550 aEnglish a105.23 aA. Beiser 0aConcepts Of Modern Physicscby A. Beiser, S. Mahajan, S. R. Choudhary a6th bTMHaNew Delhic2009 a623 aPhysics aS. Mahajan aS. R. Choudhary cBK c8959d8959 pBE 10614g375.00i154l0o105.23 eDurga Books, Amritsarr2024-06-13 00:00:00w2022-10-30yBK003Print4071aMIETLIBbMIETLIBcBL-Academic Block B, FL-1, CUP-16, SH-2, R-2d2010-03-1110HBE pBE 10617g375.00i154l1o105.23 eDurga Books, Amritsarr2024-06-13 00:00:00s2023-03-10w2022-10-30yBK003Print4070aMIETLIBbMIETLIBcBL-Academic Block C, FL-2, CUP-127, SH-3, R-3d2010-03-1110HBE pBE 10618g375.00i154l1o105.23 eDurga Books, Amritsarr2024-06-13 00:00:00s2023-04-13w2022-10-30yBK003Print4070aMIETLIBbMIETLIBcBL-Academic Block C, FL-12, CUP-127, SH-3, R-3d2010-03-1110HBE